| 000 | 00672nam a22002057a 4500 | ||
|---|---|---|---|
| 999 |
_c4425 _d4425 |
||
| 003 | AR-CdUCM | ||
| 008 | 190308b ||||| |||| 00| 0 spa d | ||
| 040 |
_aMUNICIPALIDAD PROVINCIAL DEL CUSCO _cBIBLIOTECA MUNICIPAL DEL CUSCO |
||
| 082 |
_a794.1 / _bL43 |
||
| 100 |
_aLe Lionnais, F. _913944 |
||
| 245 | _aPremios de belleza en ajedrez / | ||
| 260 |
_aBarcelona : _bBruguera, _c1965. |
||
| 300 |
_a771 páginas ; _c21 cm |
||
| 505 | _aUn poco de historia -- Que es la partida de ajedrez -- para el futuro... | ||
| 650 |
_aAjedrez. _93993 |
||
| 650 |
_aHistoria del ajedrez. _913945 |
||
| 650 |
_aEstrategias. _913946 |
||
| 942 |
_2ddc _cLIBROS |
||
| 945 |
_awfj _d2019-03-08 |
||